The art of war : (Record no. 351708)

000 -LEADER
fixed length control field 01674cam a22004094a 4500
001 - CONTROL NUMBER
control field 13588138
003 - CONTROL NUMBER IDENTIFIER
control field OSt
005 - DATE AND TIME OF LATEST TRANSACTION
control field 20180116183053.0
008 - FIXED-LENGTH DATA ELEMENTS--GENERAL INFORMATION
fixed length control field 040510s2004 maua 000 0 eng
010 ## - LIBRARY OF CONGRESS CONTROL NUMBER
LC control number 2004010456
020 ## - INTERNATIONAL STANDARD BOOK NUMBER
International Standard Book Number 1590301854 (pbk. : alk. paper)
040 ## - CATALOGING SOURCE
Original cataloging agency DLC
Transcribing agency DLC
Modifying agency DLC
041 1# - LANGUAGE CODE
Language code of text/sound track or separate title eng
Language code of original chi
042 ## - AUTHENTICATION CODE
Authentication code pcc
043 ## - GEOGRAPHIC AREA CODE
Geographic area code a-cc---
050 00 - LIBRARY OF CONGRESS CALL NUMBER
Classification number U101
Item number .S9513 2004
082 00 - DEWEY DECIMAL CLASSIFICATION NUMBER
Classification number 355.02 TZU 2004
Edition number 22
100 0# - MAIN ENTRY--PERSONAL NAME
Personal name Tzu,Sun.
Dates associated with a name active 6th century B.C.
240 10 - UNIFORM TITLE
Uniform title Sunzi bing fa.
Language of a work English
245 14 - TITLE STATEMENT
Title The art of war :
Remainder of title an illustrated edition /
Statement of responsibility, etc. Sun Tzu ; translated by Thomas Cleary.
250 ## - EDITION STATEMENT
Edition statement 1st paperback ed.
260 ## - PUBLICATION, DISTRIBUTION, ETC.
Place of publication, distribution, etc. Boston, MA :
Name of publisher, distributor, etc. Shambhala Publications,
Date of publication, distribution, etc. 2004.
300 ## - PHYSICAL DESCRIPTION
Extent 223 p. :
Other physical details ill. ; PB
Dimensions 24 cm.
440 ## - SERIES STATEMENT/ADDED ENTRY--TITLE
Title The art of war :
500 ## - GENERAL NOTE
General note Rev. ed. of: The illustrated art of war. 1st ed. 1998.
650 #0 - SUBJECT ADDED ENTRY--TOPICAL TERM
Topical term or geographic name entry element Military art and science
Geographic subdivision China
Form subdivision Early works to 1800.
650 #0 - SUBJECT ADDED ENTRY--TOPICAL TERM
Topical term or geographic name entry element Strategy
Form subdivision Early works to 1800.
650 #0 - SUBJECT ADDED ENTRY--TOPICAL TERM
Topical term or geographic name entry element Leadership
Form subdivision Early works to 1800.
700 1# - ADDED ENTRY--PERSONAL NAME
Personal name Cleary, Thomas F.,
Dates associated with a name 1949-
856 41 - ELECTRONIC LOCATION AND ACCESS
Materials specified Table of contents
Uniform Resource Identifier <a href="http://www.loc.gov/catdir/toc/fy055/2004010456.html">http://www.loc.gov/catdir/toc/fy055/2004010456.html</a>
856 41 - ELECTRONIC LOCATION AND ACCESS
Materials specified Sample text
Uniform Resource Identifier <a href="http://www.loc.gov/catdir/samples/random051/2004010456.html">http://www.loc.gov/catdir/samples/random051/2004010456.html</a>
856 42 - ELECTRONIC LOCATION AND ACCESS
Materials specified Publisher description
Uniform Resource Identifier <a href="http://www.loc.gov/catdir/description/random051/2004010456.html">http://www.loc.gov/catdir/description/random051/2004010456.html</a>
856 42 - ELECTRONIC LOCATION AND ACCESS
Materials specified Contributor biographical information
Uniform Resource Identifier <a href="http://www.loc.gov/catdir/enhancements/fy0661/2004010456-b.html">http://www.loc.gov/catdir/enhancements/fy0661/2004010456-b.html</a>
906 ## - LOCAL DATA ELEMENT F, LDF (RLIN)
a 7
b cbc
c orignew
d 1
e ecip
f 20
g y-gencatlg
942 ## - ADDED ENTRY ELEMENTS (KOHA)
Source of classification or shelving scheme
Koha item type Book
Holdings
Withdrawn status Lost status Source of classification or shelving scheme Damaged status Not for loan Collection code Permanent Location Current Location Shelving location Date acquired Total Checkouts Total Renewals Full call number Barcode Checked out Date last seen Date last checked out Price effective from Koha item type
            Central Library (CL) Central Library (CL) General Stacks 09/01/2016 6 4 355.02 TZU 2004 NBSD-2789 09/08/2025 10/26/2024 09/20/2024 09/01/2016 Book
© 2023 Central Library, National University of Sciences and Technology. All Rights Reserved.